[Event "Hoogeveen Open"]
[Site "Hoogeveen, Netherlands"]
[Date "2016.10.18"]
[Round "4.31"]
[White "Hummel, Joop"]
[Black "Keetman, Maaike"]
[Result "0-1"]
[WhiteElo "2007"]
[BlackElo "2174"]
[PlyCount "86"]
[EventDate "2016.??.??"]

1. Nf3 Nf6 2. c4 g6 3. Nc3 Bg7 4. g3 O-O 5. Bg2 c5 6. O-O d6 7. d4 Nc6 8. d5
Na5 9. Nd2 a6 10. Rb1 Rb8 11. Qc2 b5 12. cxb5 axb5 13. b4 cxb4 14. Rxb4 Bf5 15.
e4 Bd7 16. Qb1 Ng4 17. Nxb5 Qb6 18. a4 Bc3 19. Nc4 Qc5 20. Nxa5 Bxb4 21. Nc6
Bxc6 22. dxc6 Nxf2 23. h3 Nd1+ 24. Kh2 Nc3 25. Qb3 Nxb5 26. axb5 Rxb5 27. c7
Bc3 28. Qa4 Rb7 29. Bh6 Rc8 30. e5 Rbxc7 31. e6 fxe6 32. Qg4 Qc4 33. Rf4 Qa2
34. h4 Be5 35. Ra4 Qb3 36. Kh3 Rc3 37. Bf4 Qxa4 38. Qxe6+ Kf8 39. Bd5 Ke8 40.
Qg8+ Kd7 41. Qe6+ Kc7 42. Bxe5 dxe5 43. Qxe5+ Kb6 0-1

[Event "Hoogeveen Open"]
[Site "Hoogeveen, Netherlands"]
[Date "2016.10.18"]
[Round "4.32"]
[White "Schoehuijs, Erik"]
[Black "Bruggink, Tycho"]
[Result "1-0"]
[WhiteElo "2169"]
[BlackElo "1895"]
[PlyCount "89"]
[EventDate "2016.??.??"]

1. d4 Nf6 2. c4 e6 3. Nc3 Be7 4. e4 O-O 5. e5 Ne8 6. Nf3 d6 7. Bd3 Nd7 8. exd6
cxd6 9. O-O Nef6 10. Bf4 Re8 11. Re1 b6 12. Bc2 Bb7 13. b4 Nf8 14. h3 Ng6 15.
Be3 Nd7 16. Rc1 Rc8 17. Bb3 Ba6 18. Ne4 Bb7 19. Ng3 Nh4 20. Nxh4 Bxh4 21. Qg4
Be7 22. Nh5 g6 23. Nf4 Nf6 24. Qe2 Rc7 25. Nd3 Nd7 26. Qd2 Qa8 27. f3 Rec8 28.
a3 Ba6 29. Nb2 e5 30. Bf2 Bf8 31. d5 f5 32. Ba4 Qb8 33. Bc6 Bb7 34. b5 Nf6 35.
Nd3 Re7 36. Bh4 Bg7 37. Nf4 Bh6 38. Bxf6 Bxf4 39. Qxf4 exf4 40. Rxe7 Bxc6 41.
dxc6 a6 42. Rce1 Rc7 43. Re8+ Qxe8 44. Rxe8+ Kf7 45. Re7+ 1-0

[Event "Hoogeveen Open"]
[Site "Hoogeveen, Netherlands"]
[Date "2016.10.18"]
[Round "4.33"]
[White "Bensaid, Simon"]
[Black "Clemens, Adrian"]
[Result "0-1"]
[WhiteElo "1983"]
[BlackElo "2162"]
[PlyCount "39"]
[EventDate "2016.??.??"]

1. e4 c5 2. Nf3 e6 3. d4 cxd4 4. Nxd4 Nc6 5. Nc3 Qc7 6. g3 a6 7. Bg2 d6 8. O-O
Bd7 9. Nb3 b5 10. Re1 Be7 11. f4 Rc8 12. Ne2 Nf6 13. Bf3 O-O 14. g4 d5 15. f5
Nxe4 16. Bxe4 dxe4 17. Ng3 Nb4 18. c3 Nd3 19. Rxe4 Nxc1 20. Rxc1 0-1

[Event "Hoogeveen Open"]
[Site "Hoogeveen, Netherlands"]
[Date "2016.10.18"]
[Round "4.34"]
[White "Hendriks, Richard"]
[Black "De Vries, Bram"]
[Result "1/2-1/2"]
[WhiteElo "2122"]
[BlackElo "1984"]
[PlyCount "75"]
[EventDate "2016.??.??"]

1. e4 d6 2. Nc3 Nf6 3. f4 e5 4. d4 exd4 5. Qxd4 Nc6 6. Qd1 g6 7. Nf3 Bg7 8. Bd3
Bd7 9. O-O O-O 10. f5 Ne5 11. Nxe5 dxe5 12. Qe1 a6 13. Bg5 h6 14. Bd2 b5 15.
fxg6 fxg6 16. Qg3 Kh7 17. Qh4 Ng4 18. Qxd8 Raxd8 19. h3 Rxf1+ 20. Rxf1 Nf6 21.
Be3 Be6 22. a4 b4 23. Nd5 Nxd5 24. exd5 Bxd5 25. b3 a5 26. Bb5 Be6 27. g4 e4
28. Kg2 c5 29. Bc6 c4 30. bxc4 Bxc4 31. Rf4 Rd6 32. Bxe4 Be6 33. Bc5 Rd2+ 34.
Rf2 Rxf2+ 35. Bxf2 Bd7 36. Bb6 Bxa4 37. Bxa5 b3 38. cxb3 1/2-1/2

[Event "Hoogeveen Open"]
[Site "Hoogeveen, Netherlands"]
[Date "2016.10.18"]
[Round "4.35"]
[White "Van der Raaf, Erik"]
[Black "Van Dael, Siem"]
[Result "0-1"]
[WhiteElo "2117"]
[BlackElo "1995"]
[PlyCount "54"]
[EventDate "2016.??.??"]

1. e4 e5 2. Nc3 Nf6 3. Bc4 Bc5 4. d3 Nc6 5. Nf3 h6 6. O-O d6 7. Na4 Bb6 8. Nxb6
axb6 9. c3 O-O 10. Re1 Re8 11. Bb3 d5 12. exd5 Nxd5 13. d4 e4 14. Ne5 Bf5 15.
Bxh6 gxh6 16. Qh5 Rxe5 17. dxe5 Bg6 18. Qxh6 Nxe5 19. Rad1 Nd3 20. Re3 c6 21.
Rg3 Qf6 22. Rf1 N5f4 23. Rg4 Ra5 24. g3 Ne2+ 25. Kg2 Qf3+ 26. Kh3 Ndf4+ 27.
Rxf4 Nxf4+ 0-1

[Event "Hoogeveen Open"]
[Site "Hoogeveen, Netherlands"]
[Date "2016.10.18"]
[Round "4.36"]
[White "Wedda, Dries"]
[Black "Boersma, Jan"]
[Result "1/2-1/2"]
[WhiteElo "1994"]
[BlackElo "2099"]
[PlyCount "51"]
[EventDate "2016.??.??"]

1. d4 Nf6 2. c4 g6 3. f3 c5 4. d5 d6 5. e4 Bg7 6. Nc3 O-O 7. Nge2 e6 8. Ng3 h5
9. Bg5 exd5 10. cxd5 Nbd7 11. Be2 a6 12. a4 Qc7 13. Qd2 Re8 14. O-O Rb8 15.
Rac1 c4 16. b3 Nc5 17. Bxc4 Nxb3 18. Bxb3 Qb6+ 19. Be3 Qxb3 20. Rc2 Nd7 21.
Nge2 Ne5 22. Rb1 Qc4 23. Nb5 axb5 24. Rxc4 Nxc4 25. Qd3 Nxe3 26. Qxe3 1/2-1/2

[Event "Hoogeveen Open"]
[Site "Hoogeveen, Netherlands"]
[Date "2016.10.18"]
[Round "4"]
[White "Eck, Mathias"]
[Black "Den Dunnen, Lola"]
[Result "1-0"]
[WhiteElo "2082"]
[BlackElo "1890"]
[PlyCount "145"]
[EventDate "2016.??.??"]

1. c4 c5 2. Nf3 Nc6 3. Nc3 g6 4. e3 Bg7 5. d4 d6 6. d5 Ne5 7. Nxe5 Bxe5 8. Bd2
Bd7 9. Bd3 Nh6 10. h4 Bg4 11. Qc2 Nf5 12. Ne2 Bxe2 13. Kxe2 e6 14. Rh3 h5 15.
Rah1 Qe7 16. Be4 O-O-O 17. b4 Kb8 18. Rb1 b6 19. Qa4 Qc7 20. Rhh1 Rc8 21. Qa6
Ne7 22. dxe6 fxe6 23. bxc5 d5 24. Bd3 dxc4 25. Bxc4 Qxc5 26. Bxe6 Rcd8 27. Qc4
Qd6 28. Bb4 Qc7 29. Qxc7+ Kxc7 30. Rbc1+ Nc6 31. Bb3 Kb7 32. Bd2 Rd6 33. Rhd1
Rhd8 34. Be1 Bf6 35. Rxd6 Rxd6 36. f4 a5 37. Bc2 Bb2 38. Rd1 Re6 39. Bb3 Re7
40. Bd5 Kc7 41. Kf3 Na7 42. Rd2 Ba3 43. Be4 Re6 44. Rc2+ Kd6 45. Bc3 Nb5 46.
Be5+ Kd7 47. Bd5 Bc5 48. Bxe6+ Kxe6 49. a4 Na3 50. Rc3 Nb1 51. Rd3 Na3 52. Bd4
Nc4 53. Rc3 Nd2+ 54. Ke2 Ne4 55. Rb3 Kd5 56. Bxc5 Kxc5 57. Rb5+ Kc6 58. Rb3 Nc5
59. Ra3 Kd5 60. Kf3 Kc4 61. Ra1 Kb4 62. Rb1+ Nb3 63. e4 Kxa4 64. Ke3 b5 65. f5
gxf5 66. exf5 Nc5 67. g4 hxg4 68. Rd1 b4 69. h5 b3 70. h6 g3 71. h7 b2 72. h8=Q
Ka3 73. Qc3+ 1-0

[Event "Hoogeveen Open"]
[Site "Hoogeveen, Netherlands"]
[Date "2016.10.18"]
[Round "4.38"]
[White "Mesman, Edwyn"]
[Black "Henseler, Jorgen"]
[Result "1/2-1/2"]
[WhiteElo "1979"]
[BlackElo "2053"]
[PlyCount "74"]
[EventDate "2016.??.??"]

1. d4 Nf6 2. c4 g6 3. Nf3 Bg7 4. g3 d5 5. Na3 O-O 6. Bg2 c6 7. O-O Bf5 8. Bf4
Qb6 9. Qc1 Nbd7 10. Re1 Rfe8 11. Nh4 Be6 12. c5 Qa6 13. b4 b5 14. Nc2 Qc8 15.
a4 a6 16. axb5 axb5 17. Ra5 Rxa5 18. bxa5 Nb8 19. Bxb8 Qxb8 20. Nb4 Qc7 21. Qa3
Ra8 22. a6 Bc8 23. Nf3 Bxa6 24. Nxa6 Qc8 25. Ra1 Nd7 26. Bh3 e6 27. Ng5 Nb8 28.
Qe3 Rxa6 29. Rxa6 Nxa6 30. Nxe6 b4 31. Ng5 f5 32. Nf3 Qb8 33. Qe6+ Kh8 34. Ng5
Nc7 35. Nf7+ Kg8 36. Nh6+ Kh8 37. Nf7+ Kg8 1/2-1/2

[Event "Hoogeveen Open"]
[Site "Hoogeveen, Netherlands"]
[Date "2016.10.18"]
[Round "4"]
[White "Pieters, Minko"]
[Black "Bos, Robin"]
[Result "1/2-1/2"]
[WhiteElo "1954"]
[BlackElo "2025"]
[PlyCount "147"]
[EventDate "2016.??.??"]

1. d4 Nf6 2. c4 e6 3. Nc3 Bb4 4. e3 d5 5. Nf3 O-O 6. Qc2 b6 7. cxd5 exd5 8. a3
Be7 9. Ne5 c5 10. Be2 Bb7 11. O-O Nc6 12. Rd1 cxd4 13. exd4 Rc8 14. Qf5 Re8 15.
Bf3 g6 16. Nxc6 Rxc6 17. Qd3 Re6 18. Be3 h5 19. h3 Nh7 20. Qb5 Bc6 21. Qb3 Nf6
22. Bg5 Rd6 23. Bf4 Rd7 24. Be5 Nh7 25. Be2 Bg5 26. Bd3 Bh6 27. Ba6 Qg5 28. Bh2
Bg7 29. Rac1 Rde7 30. Qc2 Bd7 31. f4 Qh4 32. Qf2 Qxf2+ 33. Kxf2 Nf6 34. Bd3
Ne4+ 35. Bxe4 dxe4 36. Ke3 Bf5 37. Ne2 Rd7 38. Rd2 Be6 39. Rc3 f5 40. Bg3 Kf7
41. Bh4 b5 42. Rc5 Bc4 43. Nc3 Bd3 44. Rd5 Rxd5 45. Nxd5 a5 46. Nc3 Rc8 47. Ne2
Ke6 48. Bf2 b4 49. axb4 axb4 50. Ng1 Kd5 51. Nf3 Rc1 52. Ne5 Bxe5 53. dxe5 b3
54. Bg3 Rg1 55. Bh4 Ra1 56. Bg3 Ra7 57. Bh4 Ke6 58. Bg3 Rc7 59. Bh4 Rc2 60. Rf2
Kd5 61. Bf6 Bb5 62. h4 Rxf2 63. Kxf2 Kd4 64. e6+ Kd3 65. Be5 e3+ 66. Ke1 Bc6
67. e7 Bb5 68. Bc3 Ke4 69. Be5 Kd5 70. Bf6 Ke6 71. Bd4 e2 72. e8=Q+ Bxe8 73.
Kxe2 Kd5 74. Ke3 1/2-1/2

[Event "Hoogeveen Open 2016"]
[Site "Hoogeveen"]
[Date "2016.10.19"]
[Round "5.1"]
[White "Lalith Babu M R"]
[Black "Gupta, Abhijeet"]
[Result "1/2-1/2"]
[BlackElo "2626"]
[WhiteElo "2586"]
[LiveChessVersion "1.4.8"]

1. d4 {[%clk 1:30:53]} d5 {[%clk 1:30:37]} 2. Nf3 {[%clk 1:31:02]} Nf6
{[%clk 1:31:01]} 3. c4 {[%clk 1:30:47]} e6 {[%clk 1:31:25]} 4. Nc3
{[%clk 1:30:49]} c6 {[%clk 1:31:49]} 5. Bg5 {[%clk 1:30:13]} dxc4
{[%clk 1:32:11]} 6. e4 {[%clk 1:30:01]} b5 {[%clk 1:32:33]} 7. e5
{[%clk 1:29:57]} h6 {[%clk 1:32:59]} 8. Bh4 {[%clk 1:30:18]} g5 {[%clk 1:33:25]}
9. Nxg5 {[%clk 1:30:39]} hxg5 {[%clk 1:33:48]} 10. Bxg5 {[%clk 1:31:05]} Nbd7
{[%clk 1:34:13]} 11. g3 {[%clk 1:31:28]} Bb7 {[%clk 1:34:28]} 12. Bg2
{[%clk 1:31:49]} Qb6 {[%clk 1:34:54]} 13. exf6 {[%clk 1:32:07]} O-O-O
{[%clk 1:35:19]} 14. O-O {[%clk 1:32:14]} c5 {[%clk 1:35:44]} 15. d5
{[%clk 1:32:00]} b4 {[%clk 1:35:01]} 16. Rb1 {[%clk 1:32:15]} Qa6
{[%clk 1:34:43]} 17. dxe6 {[%clk 1:30:32]} Bxg2 {[%clk 1:34:36]} 18. Re1
{[%clk 1:30:47]} fxe6 {[%clk 1:34:58]} 19. Kxg2 {[%clk 1:30:30]} bxc3
{[%clk 1:35:03]} 20. bxc3 {[%clk 1:29:53]} Qc6+ {[%clk 1:35:17]} 21. Kg1
{[%clk 1:30:13]} Bh6 {[%clk 1:35:25]} 22. Qg4 {[%clk 1:28:24]} Bxg5
{[%clk 1:35:08]} 23. Rxe6 {[%clk 1:28:43]} Qd5 {[%clk 1:34:58]} 24. Qf5
{[%clk 1:28:51]} Qa8 {[%clk 1:34:39]} 25. Rb5 {[%clk 1:27:22]} Rxh2
{[%clk 1:33:11]} 26. Rxc5+ {[%clk 1:27:07]} Nxc5 {[%clk 1:33:03]} 27. Qxc5+
{[%clk 1:27:32]} Kb8 {[%clk 1:33:26]} 28. Qe5+ {[%clk 1:27:53]} Kc8
{[%clk 1:33:53]} 29. Qc5+ {[%clk 1:28:18]} Kb8 {[%clk 1:34:21]} 1/2-1/2

[Event "Hoogeveen Open 2016"]
[Site "Hoogeveen"]
[Date "2016.10.19"]
[Round "5.2"]
[White "Nitin, S."]
[Black "Shyam, Sundar M."]
[Result "0-1"]
[BlackElo "2552"]
[WhiteElo "2410"]
[LiveChessVersion "1.4.8"]

1. e4 {[%clk 1:29:34]} c5 {[%clk 1:30:52]} 2. Nf3 {[%clk 1:29:31]} d6
{[%clk 1:31:14]} 3. d4 {[%clk 1:29:56]} cxd4 {[%clk 1:31:40]} 4. Nxd4
{[%clk 1:30:20]} Nf6 {[%clk 1:32:05]} 5. Nc3 {[%clk 1:30:45]} a6 {[%clk 1:32:05]}
6. Be3 {[%clk 1:30:39]} e5 {[%clk 1:32:22]} 7. Nb3 {[%clk 1:31:04]} Be6
{[%clk 1:30:58]} 8. Qd2 {[%clk 1:29:28]} Nbd7 {[%clk 1:30:54]} 9. f3
{[%clk 1:28:03]} h5 {[%clk 1:31:11]} 10. Nd5 {[%clk 1:27:03]} Bxd5
{[%clk 1:28:44]} 11. exd5 {[%clk 1:27:15]} g6 {[%clk 1:28:17]} 12. Be2
{[%clk 1:27:38]} Bg7 {[%clk 1:28:10]} 13. O-O {[%clk 1:28:00]} Qc7
{[%clk 1:28:32]} 14. c4 {[%clk 1:28:10]} b6 {[%clk 1:28:19]} 15. Rac1
{[%clk 1:22:33]} a5 {[%clk 1:11:32]} 16. f4 {[%clk 1:15:09]} exf4
{[%clk 1:04:26]} 17. Rxf4 {[%clk 1:03:21]} O-O {[%clk 1:04:32]} 18. Nd4
{[%clk 1:03:37]} Rae8 {[%clk 1:04:18]} 19. Nb5 {[%clk 1:02:11]} Qb8
{[%clk 1:04:39]} 20. Rcf1 {[%clk 0:41:49]} Ne4 {[%clk 1:01:19]} 21. Qc1
{[%clk 0:41:07]} Ndc5 {[%clk 0:56:57]} 22. R4f3 {[%clk 0:39:03]} f5
{[%clk 0:55:33]} 23. Bh6 {[%clk 0:36:26]} Qd8 {[%clk 0:54:34]} 24. Bd3
{[%clk 0:33:09]} Qf6 {[%clk 0:32:56]} 25. Bxg7 {[%clk 0:31:57]} Kxg7
{[%clk 0:29:37]} 26. Bxe4 {[%clk 0:23:24]} Rxe4 {[%clk 0:29:57]} 27. Qc3
{[%clk 0:23:41]} Qxc3 {[%clk 0:20:42]} 28. Rxc3 {[%clk 0:19:39]} Re2
{[%clk 0:14:23]} 29. Nxd6 {[%clk 0:17:09]} Rd8 {[%clk 0:13:52]} 30. Nb5
{[%clk 0:17:20]} Rxb2 {[%clk 0:14:20]} 31. Re3 {[%clk 0:12:33]} Rxa2
{[%clk 0:12:03]} 32. Re7+ {[%clk 0:12:25]} Kf6 {[%clk 0:07:48]} 33. Rfe1
{[%clk 0:10:28]} Ra1 {[%clk 0:07:23]} 34. Nc7 {[%clk 0:07:02]} Rxe1+
{[%clk 0:06:55]} 35. Rxe1 {[%clk 0:07:30]} a4 {[%clk 0:05:50]} 36. h4
{[%clk 0:07:42]} Rd7 {[%clk 0:04:23]} 37. d6 {[%clk 0:07:45]} Kf7
{[%clk 0:01:42]} 38. Nb5 {[%clk 0:05:43]} Ne4 {[%clk 0:02:04]} 39. Ra1
{[%clk 0:03:18]} Nxd6 {[%clk 0:02:17]} 40. Nxd6+ {[%clk 0:03:23]} Rxd6
{[%clk 0:02:45]} 41. Rxa4 {[%clk 0:03:38]} Ke6 {[%clk 0:29:11]} 42. Kf2
{[%clk 0:28:16]} Rd2+ {[%clk 0:22:27]} 43. Ke3 {[%clk 0:27:54]} Rxg2
{[%clk 0:20:40]} 44. Rb4 {[%clk 0:28:16]} Rg3+ {[%clk 0:20:45]} 45. Kd4
{[%clk 0:27:41]} Rg4+ {[%clk 0:15:51]} 46. Kd3 {[%clk 0:27:56]} Rxh4
{[%clk 0:15:01]} 47. Rxb6+ {[%clk 0:28:17]} Kf7 {[%clk 0:15:02]} 48. c5
{[%clk 0:28:36]} Rg4 {[%clk 0:13:44]} 49. Rd6 {[%clk 0:28:01]} Ke7
{[%clk 0:13:41]} 50. Rd5 {[%clk 0:28:29]} Rg1 {[%clk 0:10:30]} 51. Kd2
{[%clk 0:28:37]} Ra1 {[%clk 0:07:54]} 52. Rd6 {[%clk 0:27:38]} h4
{[%clk 0:07:56]} 0-1

[Event "Hoogeveen Open 2016"]
[Site "Hoogeveen"]
[Date "2016.10.19"]
[Round "5.3"]
[White "Werle, Jan"]
[Black "Van Foreest, Lucas"]
[Result "1/2-1/2"]
[BlackElo "2350"]
[WhiteElo "2555"]
[LiveChessVersion "1.4.8"]

1. Nf3 {[%clk 1:30:56]} Nf6 {[%clk 1:30:06]} 2. c4 {[%clk 1:31:20]} e6
{[%clk 1:30:31]} 3. Nc3 {[%clk 1:31:44]} d5 {[%clk 1:30:54]} 4. d4
{[%clk 1:31:46]} c6 {[%clk 1:31:19]} 5. Bg5 {[%clk 1:31:29]} h6 {[%clk 1:31:44]}
6. Bxf6 {[%clk 1:29:57]} Qxf6 {[%clk 1:32:09]} 7. g3 {[%clk 1:29:30]} dxc4
{[%clk 1:32:32]} 8. Bg2 {[%clk 1:29:36]} Nd7 {[%clk 1:31:17]} 9. O-O
{[%clk 1:28:43]} Bd6 {[%clk 1:26:14]} 10. Nd2 {[%clk 1:21:26]} Nb6
{[%clk 1:22:19]} 11. e3 {[%clk 1:07:57]} O-O {[%clk 1:18:27]} 12. Qe2
{[%clk 1:04:23]} e5 {[%clk 0:57:25]} 13. d5 {[%clk 1:04:32]} cxd5
{[%clk 0:50:15]} 14. Nxd5 {[%clk 1:04:50]} Nxd5 {[%clk 0:50:34]} 15. Bxd5
{[%clk 1:05:01]} Be6 {[%clk 0:44:11]} 16. Ne4 {[%clk 0:52:45]} Qg6
{[%clk 0:36:38]} 17. Bxb7 {[%clk 0:52:03]} Rad8 {[%clk 0:34:52]} 18. Rfd1
{[%clk 0:51:46]} Be7 {[%clk 0:30:55]} 19. Nc3 {[%clk 0:51:57]} Bg4
{[%clk 0:26:26]} 20. f3 {[%clk 0:45:52]} Qb6 {[%clk 0:24:56]} 21. Bd5
{[%clk 0:43:45]} Be6 {[%clk 0:23:37]} 22. Kg2 {[%clk 0:39:23]} Bb4
{[%clk 0:22:12]} 23. Bxe6 {[%clk 0:35:11]} Qxe6 {[%clk 0:22:28]} 24. Rxd8
{[%clk 0:30:53]} Rxd8 {[%clk 0:22:53]} 25. Rd1 {[%clk 0:31:17]} Rxd1
{[%clk 0:21:18]} 26. Nxd1 {[%clk 0:29:51]} e4 {[%clk 0:20:09]} 27. Nf2
{[%clk 0:28:36]} exf3+ {[%clk 0:20:34]} 28. Qxf3 {[%clk 0:28:59]} Bc5
{[%clk 0:20:29]} 29. Qa8+ {[%clk 0:24:58]} Kh7 {[%clk 0:20:48]} 30. Qe4+
{[%clk 0:25:15]} Qxe4+ {[%clk 0:20:28]} 31. Nxe4 {[%clk 0:25:41]} Bxe3
{[%clk 0:20:28]} 32. Nd6 {[%clk 0:26:02]} c3 {[%clk 0:18:38]} 33. bxc3
{[%clk 0:26:20]} Kg6 {[%clk 0:18:56]} 34. Kf3 {[%clk 0:25:18]} Bg1
{[%clk 0:12:24]} 35. h3 {[%clk 0:22:22]} Bb6 {[%clk 0:09:44]} 36. Ke4
{[%clk 0:18:32]} Bc7 {[%clk 0:07:50]} 37. Kd5 {[%clk 0:17:41]} h5
{[%clk 0:06:21]} 38. c4 {[%clk 0:17:36]} Bb8 {[%clk 0:04:04]} 39. c5
{[%clk 0:10:27]} f5 {[%clk 0:04:07]} 40. h4 {[%clk 0:02:03]} Kf6 {[%clk 0:04:18]}
41. c6 {[%clk 0:24:30]} Ke7 {[%clk 0:34:16]} 42. Nxf5+ {[%clk 0:24:34]} Kf6
{[%clk 0:34:17]} 43. Nd6 {[%clk 0:24:19]} Ke7 {[%clk 0:34:41]} 44. Ne4
{[%clk 0:17:37]} Bc7 {[%clk 0:33:20]} 45. a4 {[%clk 0:17:40]} g6 {[%clk 0:29:01]}
46. Kc4 {[%clk 0:13:03]} Ke6 {[%clk 0:27:39]} 47. Kb5 {[%clk 0:10:31]} Kd5
{[%clk 0:27:00]} 48. Nc3+ {[%clk 0:10:27]} Kd6 {[%clk 0:27:20]} 49. Ne4+
{[%clk 0:08:03]} Kd5 {[%clk 0:27:23]} 50. Nf6+ {[%clk 0:06:44]} Ke6
{[%clk 0:21:51]} 51. Nh7 {[%clk 0:06:23]} Kd6 {[%clk 0:20:48]} 52. Ng5
{[%clk 0:04:43]} Kd5 {[%clk 0:19:46]} 53. Nh7 {[%clk 0:04:10]} Bxg3
{[%clk 0:17:52]} 54. Nf6+ {[%clk 0:04:15]} Ke6 {[%clk 0:18:11]} 55. Ne4
{[%clk 0:04:36]} Be5 {[%clk 0:12:53]} 56. a5 {[%clk 0:02:29]} Kd5
{[%clk 0:10:26]} 57. Nf6+ {[%clk 0:02:03]} Ke6 {[%clk 0:10:28]} 58. Nd7
{[%clk 0:01:52]} Bc7 {[%clk 0:06:44]} 59. Nf8+ {[%clk 0:02:12]} Kd6
{[%clk 0:05:27]} 60. Nxg6 {[%clk 0:01:57]} a6+ {[%clk 0:05:54]} 61. Kxa6
{[%clk 0:02:19]} Kxc6 {[%clk 0:06:19]} 62. Ne7+ {[%clk 0:02:33]} Kc5
{[%clk 0:06:45]} 63. Nf5 {[%clk 0:01:46]} Kb4 {[%clk 0:05:57]} 64. Nd4
{[%clk 0:02:04]} Bxa5 {[%clk 0:05:45]} 65. Nc6+ {[%clk 0:02:26]} Kc5
{[%clk 0:06:10]} 66. Nxa5 {[%clk 0:02:47]} Kd5 {[%clk 0:06:38]} 67. Kb5
{[%clk 0:03:05]} Ke4 {[%clk 0:06:59]} 68. Nc6 {[%clk 0:03:04]} Kf5
{[%clk 0:07:10]} 69. Kc4 {[%clk 0:02:57]} Kg4 {[%clk 0:07:35]} 70. Kd3
{[%clk 0:03:20]} 1/2-1/2

[Event "Hoogeveen Open 2016"]
[Site "Hoogeveen"]
[Date "2016.10.19"]
[Round "5.4"]
[White "Ernst, Sipke"]
[Black "Harsha Bharathakoti"]
[Result "1-0"]
[BlackElo "2363"]
[WhiteElo "2540"]
[LiveChessVersion "1.4.8"]

1. d4 {[%clk 1:30:57]} d5 {[%clk 1:28:46]} 2. c4 {[%clk 1:31:23]} c6
{[%clk 1:28:29]} 3. e3 {[%clk 1:30:17]} Nf6 {[%clk 1:28:44]} 4. Nf3
{[%clk 1:30:41]} Bg4 {[%clk 1:29:03]} 5. h3 {[%clk 1:30:59]} Bh5 {[%clk 1:29:26]}
6. g4 {[%clk 1:31:04]} Bg6 {[%clk 1:29:49]} 7. Ne5 {[%clk 1:31:12]} Nbd7
{[%clk 1:29:56]} 8. Nxg6 {[%clk 1:28:07]} hxg6 {[%clk 1:30:18]} 9. Qb3
{[%clk 1:24:40]} Qc7 {[%clk 1:30:31]} 10. g5 {[%clk 1:18:51]} dxc4
{[%clk 1:24:54]} 11. Bxc4 {[%clk 1:17:19]} Nd5 {[%clk 1:25:20]} 12. e4
{[%clk 1:11:15]} e6 {[%clk 1:23:26]} 13. Bd2 {[%clk 1:10:22]} N5b6
{[%clk 0:49:23]} 14. Be2 {[%clk 1:07:46]} c5 {[%clk 0:45:23]} 15. Na3
{[%clk 1:01:43]} cxd4 {[%clk 0:42:18]} 16. Rc1 {[%clk 1:00:48]} Qe5
{[%clk 0:31:59]} 17. f4 {[%clk 0:52:52]} Qxe4 {[%clk 0:30:14]} 18. Kf2
{[%clk 0:52:41]} Nc5 {[%clk 0:23:49]} 19. Bb5+ {[%clk 0:41:05]} Kd8
{[%clk 0:13:36]} 20. Qf3 {[%clk 0:36:56]} Qxf3+ {[%clk 0:06:57]} 21. Kxf3
{[%clk 0:37:22]} Ncd7 {[%clk 0:02:32]} 22. Nc2 {[%clk 0:32:22]} a6
{[%clk 0:01:33]} 23. Bd3 {[%clk 0:31:45]} e5 {[%clk 0:00:45]} 24. Ba5
{[%clk 0:30:36]} Bd6 {[%clk 0:01:02]} 25. Be4 {[%clk 0:21:52]} Bc7
{[%clk 0:00:37]} 26. Nb4 {[%clk 0:21:38]} exf4 {[%clk 0:00:34]} 27. Rxc7
{[%clk 0:17:31]} Ne5+ {[%clk 0:00:50]} 28. Kxf4 {[%clk 0:15:03]} Kxc7
{[%clk 0:01:17]} 29. Kxe5 {[%clk 0:12:35]} Rae8+ {[%clk 0:00:57]} 30. Kxd4
{[%clk 0:12:58]} Rh4 {[%clk 0:01:20]} 31. Re1 {[%clk 0:11:50]} f5
{[%clk 0:01:46]} 32. gxf6 {[%clk 0:12:04]} gxf6 {[%clk 0:02:13]} 33. Nd5+
{[%clk 0:08:19]} Kb8 {[%clk 0:02:25]} 34. Bxb6 {[%clk 0:06:11]} f5
{[%clk 0:02:41]} 35. Bc7+ {[%clk 0:06:07]} Ka7 {[%clk 0:02:00]} 36. Bb6+
{[%clk 0:05:28]} Kb8 {[%clk 0:02:27]} 37. Bc7+ {[%clk 0:04:17]} Ka7
{[%clk 0:02:51]} 38. Nf6 {[%clk 0:04:39]} Rc8 {[%clk 0:01:00]} 39. Bg3
{[%clk 0:03:18]} Rxh3 {[%clk 0:01:25]} 40. Re3 {[%clk 0:03:38]} Rd8+
{[%clk 0:00:40]} 41. Bd5 {[%clk 0:03:07]} Ka8 {[%clk 0:29:37]} 42. Ra3
{[%clk 0:32:21]} 1-0

[Event "Hoogeveen Open 2016"]
[Site "Hoogeveen"]
[Date "2016.10.19"]
[Round "5.5"]
[White "Rathnakaran, K."]
[Black "De Jong, Migchiel"]
[Result "0-1"]
[BlackElo "2330"]
[WhiteElo "2469"]
[LiveChessVersion "1.4.8"]

1. e4 {[%clk 1:30:57]} c5 {[%clk 1:30:33]} 2. Nf3 {[%clk 1:31:18]} e6
{[%clk 1:30:56]} 3. d4 {[%clk 1:31:45]} cxd4 {[%clk 1:31:17]} 4. Nxd4
{[%clk 1:32:11]} a6 {[%clk 1:31:39]} 5. Bd3 {[%clk 1:32:32]} Ne7 {[%clk 1:29:57]}
6. O-O {[%clk 1:32:47]} Nbc6 {[%clk 1:30:20]} 7. Nb3 {[%clk 1:32:39]} Ng6
{[%clk 1:27:18]} 8. f4 {[%clk 1:32:56]} Be7 {[%clk 1:26:35]} 9. Nc3
{[%clk 1:33:11]} d6 {[%clk 1:22:34]} 10. Qh5 {[%clk 1:32:48]} Nb4
{[%clk 1:16:45]} 11. Be3 {[%clk 1:32:20]} Bd7 {[%clk 1:12:08]} 12. Rad1
{[%clk 1:30:34]} O-O {[%clk 1:10:45]} 13. Rf3 {[%clk 1:29:07]} Nh4
{[%clk 1:02:29]} 14. Rh3 {[%clk 1:24:30]} Nxd3 {[%clk 1:02:05]} 15. Rxd3
{[%clk 1:18:55]} f5 {[%clk 1:00:08]} 16. e5 {[%clk 1:01:42]} Be8 {[%clk 0:52:00]}
17. Qd1 {[%clk 0:57:41]} d5 {[%clk 0:52:15]} 18. Nd4 {[%clk 0:53:57]} Qd7
{[%clk 0:51:11]} 19. Bf2 {[%clk 0:51:33]} Ng6 {[%clk 0:51:23]} 20. Nce2
{[%clk 0:51:52]} Rc8 {[%clk 0:49:48]} 21. Rb3 {[%clk 0:49:56]} b5
{[%clk 0:48:56]} 22. Qd2 {[%clk 0:49:20]} Rc4 {[%clk 0:48:38]} 23. a3
{[%clk 0:46:17]} Bf7 {[%clk 0:48:17]} 24. Rbc3 {[%clk 0:45:34]} Rfc8
{[%clk 0:47:42]} 25. b3 {[%clk 0:42:44]} Rxc3 {[%clk 0:46:25]} 26. Rxc3
{[%clk 0:43:09]} Nf8 {[%clk 0:44:02]} 27. b4 {[%clk 0:42:45]} Rc4
{[%clk 0:43:50]} 28. Nb3 {[%clk 0:42:44]} Qc8 {[%clk 0:39:26]} 29. Bc5
{[%clk 0:36:40]} Bd8 {[%clk 0:39:17]} 30. Bxf8 {[%clk 0:17:45]} Kxf8
{[%clk 0:39:40]} 31. Nc5 {[%clk 0:18:09]} Bb6 {[%clk 0:38:47]} 32. Rxc4
{[%clk 0:18:34]} bxc4 {[%clk 0:39:09]} 33. Qd4 {[%clk 0:19:00]} Kg8
{[%clk 0:37:35]} 34. Nc3 {[%clk 0:18:58]} Qc6 {[%clk 0:37:04]} 35. Kf2
{[%clk 0:18:11]} h6 {[%clk 0:36:07]} 36. Ke3 {[%clk 0:18:23]} g5 {[%clk 0:34:44]}
37. Kd2 {[%clk 0:17:11]} a5 {[%clk 0:33:51]} 38. g3 {[%clk 0:11:52]} axb4
{[%clk 0:32:27]} 39. axb4 {[%clk 0:12:16]} gxf4 {[%clk 0:31:45]} 40. gxf4
{[%clk 0:12:00]} Kh7 {[%clk 0:31:52]} 41. Qf2 {[%clk 0:09:47]} Qa8
{[%clk 0:30:22]} 42. Qg2 {[%clk 0:26:58]} Qa3 {[%clk 0:52:44]} 43. N5a4
{[%clk 0:21:41]} Qxb4 {[%clk 0:50:09]} 44. Nxb6 {[%clk 0:21:44]} Qxb6
{[%clk 0:50:21]} 45. Qg3 {[%clk 0:21:23]} d4 {[%clk 0:49:58]} 46. Nd1
{[%clk 0:19:24]} c3+ {[%clk 0:48:30]} 47. Ke1 {[%clk 0:18:35]} Qb7
{[%clk 0:45:49]} 48. Qh4 {[%clk 0:16:12]} Qe4+ {[%clk 0:45:55]} 49. Kf1
{[%clk 0:16:36]} Qxc2 {[%clk 0:44:49]} 50. Nf2 {[%clk 0:16:58]} Qb1+
{[%clk 0:45:07]} 51. Kg2 {[%clk 0:15:42]} Qb7+ {[%clk 0:45:27]} 52. Kg3
{[%clk 0:15:33]} c2 {[%clk 0:45:34]} 53. Nd3 {[%clk 0:15:59]} Qb1
{[%clk 0:41:56]} 54. Qe7 {[%clk 0:15:45]} Qg1+ {[%clk 0:42:13]} 55. Kf3
{[%clk 0:16:10]} Qg7 {[%clk 0:41:27]} 56. Kf2 {[%clk 0:15:32]} Bh5
{[%clk 0:41:35]} 57. Qxe6 {[%clk 0:11:46]} Qb7 {[%clk 0:41:51]} 58. Qxf5+
{[%clk 0:10:01]} Bg6 {[%clk 0:42:06]} 59. Qh3 {[%clk 0:10:26]} Qf7
{[%clk 0:38:37]} 60. Ke1 {[%clk 0:07:43]} Bf5 {[%clk 0:38:48]} 61. Qf3
{[%clk 0:08:02]} Qb3 {[%clk 0:38:10]} 62. Qc6 {[%clk 0:03:58]} Qxd3
{[%clk 0:38:10]} 0-1